[Event "Jacarei op 2nd"]
[Site "Jacarei"]
[Date "2019.07.27"]
[Round "2"]
[White "De Mendonca, Jose Moacyr"]
[Black "Cassettari, Lucas Alisson"]
[Result "0-1"]
[WhiteElo "1360"]
[BlackElo "1800"]
[PlyCount "104"]
[EventDate "2019.07.26"]
[EventType "swiss"]
[EventRounds "6"]
[EventCountry "BRA"]
[SourceTitle "CBM 191 Extra"]
[Source "ChessBase"]
[SourceDate "2019.09.30"]
[SourceVersion "1"]
[SourceVersionDate "2019.09.30"]
[SourceQuality "1"]

1. e4 c5 2. Nf3 d6 3. d4 cxd4 4. Nxd4 Nf6 5. Nc3 a6 6. Be3 g6 7. Be2 Bg7 8. 0-0 Nc6 9. f4 0-0 10. Bf3 Nd7 11. Qd2 Nc5 12. Rad1 Ne6 13. Nb3 Nc7 14. Bb6 Qd7 15. e5 Nb5 16. Nd5 dxe5 17. c4 Nbd4 18. Nc5 Nxf3+ 19. Rxf3 Qd6 20. Ne4 Qd7 21. Ndf6+ exf6 22. Qxd7 Bxd7 23. Rxd7 f5 24. Nd6 e4 25. Rb3 Nd4 26. Ra3 Ne2+ 27. Kf1 Nxf4 28. Rxb7 Rab8 29. Rxa6 Rxb7 30. Nxb7 Nd3 31. b3 f4 32. Nd6 e3 33. Ke2 Nc1+ 34. Kf3 Bc3 35. Bxe3 fxe3 36. Kxe3 Bb4 37. Ne4 f5 38. Nf6+ Kg7 39. Nd5 Re8+ 40. Kf3 Bc5 41. b4 Bd4 42. c5 g5 43. g4 fxg4+ 44. Kxg4 Re4+ 45. Kf3 Re5 46. Ra7+ Kg6 47. Ne7+ Kh5 48. Nc6 g4+ 49. Kg2 Re2+ 50. Kf1 Rf2+ 51. Ke1 Nd3+ 52. Kd1 Bc3 0-1

[Event "Jacarei op 2nd"]
[Site "Jacarei"]
[Date "2019.07.26"]
[Round "1"]
[White "Cassettari, Lucas Alisson"]
[Black "Haraguchi, Diego Sashaki"]
[Result "0-1"]
[WhiteElo "1800"]
[BlackElo "1634"]
[PlyCount "112"]
[EventDate "2019.07.26"]
[EventType "swiss"]
[EventRounds "6"]
[EventCountry "BRA"]
[SourceTitle "CBM 191 Extra"]
[Source "ChessBase"]
[SourceDate "2019.09.30"]
[SourceVersion "1"]
[SourceVersionDate "2019.09.30"]
[SourceQuality "1"]

1. d4 Nf6 2. c4 g6 3. Nc3 d5 4. Nf3 Bg7 5. Bg5 Ne4 6. e3 Bg4 7. Qa4+ c6 8. Nxe4 dxe4 9. Nd2 Bf5 10. h3 h6 11. Bf4 g5 12. Bxb8 Qxb8 13. Qc2 Bg6 14. Nxe4 0-0 15. Bd3 e5 16. Nd2 Bxd3 17. Qxd3 exd4 18. exd4 Re8+ 19. Kf1 Qf4 20. Nf3 Rad8 21. g3 Qe4 22. Qxe4 Rxe4 23. Kg2 Bxd4 24. Rad1 c5 25. Rd2 Rde8 26. Rhd1 Bf6 27. b3 Re2 28. Rd7 Rxa2 29. Rxb7 Ree2 30. Rf1 h5 31. Rc7 g4 32. hxg4 hxg4 33. Nh4 Bd4 34. Rc8+ Kh7 35. Rc7 Kg7 36. Nf5+ Kf6 37. Nxd4 cxd4 38. Rd7 Red2 39. c5 Rac2 40. b4 a5 41. Rd6+ Ke7 42. bxa5 Rxc5 43. Ra6 d3 44. Re1+ Re2 45. Kf1 Rce5 46. Rxe2 Rxe2 47. Rb6 Re5 48. a6 Ra5 49. Ke1 Ra2 50. Rb7+ Ke6 51. a7 f5 52. Kd1 Kd5 53. Rb5+ Ke4 54. Rb4+ Kf3 55. Rf4+ Kg2 56. Rd4 Rxa7 0-1